Meine Top 20 Disney-Filme erkennen - Statistiken

Allgemein
  • Dieses Quiz wurde 670 mal gespielt
  • Das Durchschnittsergebnis liegt bei 12 aus 20
Antwortstatistiken
Top Beschreibung Film % Korrekt
2 Eine mutige junge Frau gibt sich vorerst als Mann aus und rettet danachChina. Mulan
88%
18 Ein Junge, der nicht älter werden will nimmt 3 Geschwistermit auf seine Insel. Dort erleben sie viele Abenteuer. Peter Pan
87%
11 Ein verträumtes Mädchen fällt in einen Hasenbau. Dort gibt es eineganze Welt in welcher sie mit lustigen und skurrilen Wesen Abenteuer erlebt. Alice im Wunderland
83%
15 Ein Mädchen, das lange eingesperrt war wird von jemandemgefunden und erlebt die Welt außerhalb. Rapunzel-Neu verföhnt
81%
4 Ein Hase möchte seinen Traum leben und Polizistin werden. Ihr ersterFall wird gleich eine große Herausforderung für sie und Ihren neuen Freund. Zoomania
79%
5 Eine Gruppe von Wissenschaftlern suchen nach einer versunkenenStadt, um einen Schatz zu bergen. Dort finden sie eine ganze Civilisation. Atlantis- Das Geheimnis derversunkenen Stadt
71%
14 Einem Videospiel-Charakter wird sein Spiel zu langweilig.Er möchte eine Medaille in einem anderen Spiel erhalten. Ralph reichts
71%
8 Eine junge Frau möchte ihre Insel retten. Dafür muss sie sich mit einemHalbgott zusammentun um einer Göttin etwas zurück zu bringen. Vaiana
67%
9 Eine junge Frau aus New Orleans möchte ihren Traum von einem eigenenRestaurant leben und schuftet dafür unermüdlich. Plötzlich platzt ein eigensinniger Prinz in ihr Leben. Küss den Frosch
66%
7 Ein Junge erfährt, dass seine Eltern Götter sind. Er durch läuft einhartes Training um selbst wieder ein Gott zu werden, um mit ihnen leben zu dürfen. Hercules
65%
13 Ein Alien kommt auf die Erde und wird von einem Mädchen adoptiert.Das Alien flieht vor seinen Verfolgern und freundet sich dabei langsam mit dem Mädchen an. Lilo und Stitch
61%
1 Zwei verschiedene Elemente lernen sich entgegen vieler Vorurteile kennenund lieben. Elemental
59%
3 Eine Familie wird nach einem schlimmen Ereignis mit verschiedenen Gaben gesegnet. Ein Familienmitglied erhält augenscheinlich keine Gabe. Encanto
58%
20 Ein Junge, die Erfindung seines Bruders und seine Freundesgruppe versuchen einen Diebstahl auf zu decken. Baymax
47%
19 Zwei mit Zauberkräften ausgestattete ältere Personenbekämpfen sich. Einer davon hat einen Lehrling. Die Hexe und der Zauberer
45%
17 Ein eigensinniger junger König wird von seiner Beratterin inein Tier verwandelt. Er erlebt zum ersten Mal Freundschaft. Ein Königreich für ein Lama
44%
16 Ein 13-Jähriges Mädchen erlebt eine große (plüschige) Veränderung in ihrem Leben. Sie entwickelt langsam ihre eigenen Wünsche und Vorstellungen und geht diesen nach. Rot
43%
12 Ein Junge folgt dem Traum seines Vaters einen gewaltigen Schatzzu finden. Dabei gerät er in eine Gruppe von Piraten. Der Schatzplanet
39%
6 Ein Videospiel-Charakter und seine Freundin reisen durch das Internet. Chaos im Netz
33%
10 Ein Waisenjunge möchte mit Hilfe seiner Erfindung seine Mutter treffen.Am Ende findet er eine ganze Familie. Triff die Robinsons
16%
Keine übereinstimmenden Quizze gefunden
Verteilung der Resultate
Anzahl Personen mit jedem Resultat
Perzentil nach korrekt beantworteten Fragen
Ihre Resultats-Entwicklung
Sie haben dieses Quiz noch nicht gespielt